000 00303nam a22001337a 4500
008 170522b xxu||||| |||| 00| 0 eng d
020 _a97806733890849
041 _aeng
080 _a94(7/8)
100 _a15
101 _aSHH
245 _aAMERICA PAST AND PRESENT
_cDIVINE.R.A
942 _2udc
_cBK
999 _c13709
_d13709